Róbert Intribus: Bilancia zrážok v lesnom bióme Carpineto-Quercetum

Bibliographic Details
Main Authors: Supuka, Ján, 1944- (Author), Intribus, Robert, 1919-1998 (Author)
Format: Article
Language:Slovak
Subjects:

MARC

LEADER 00000nab a2200000 a 4500
001 vtls000028099
003 SK-MaSNL
005 20260304223058.0
008 250422c1979 xo 0 slo
015 |a SNBRB19rr/mm-uuuuu 
035 |a CL0038193 
035 |a urn:nbn:sk:snk-absv 
035 |a (urnnbn)urn:nbn:sk:snk:ar-00582k 
035 |a (uuid)00b51fad-585d-45ad-acc0-aaca65fe7476 
040 |a SNKBUCL  |b slo  |c SNKBUCL  |e AACR2 
041 0 |a slo 
044 |a xo  |c SK 
080 |a 634.0.1  |2 1981 
100 1 |a Supuka, Ján,  |d 1944-  |4 aut  |9 115500 
245 1 0 |a Róbert Intribus: Bilancia zrážok v lesnom bióme Carpineto-Quercetum  |c Ján Supuka ; Róbert Intribus 
650 0 7 |a lesy  |2 snkbucl  |9 1437 
655 7 |a články z novín a časopisov  |2 snkbucl  |9 267496 
700 1 |a Intribus, Robert,  |d 1919-1998  |4 aut  |9 196768 
773 0 |t Lesnícky časopis  |g Roč. 25, č. 1 (1979), s. 77-78 
787 0 8 |i Rec.:  |a Intribus, Róbert  |t Bilancia zrážok v lesnom bióme Carpineto-Quercetum  |d Bratislava : Príroda, 1977 
850 |a Slovenská národná knižnica 
852 |a Slovenská národná knižnica 
954 |a odborná, vedecká literatúra pôvodná (slovenská)  |2 lita 
958 |a article2022 
958 |a OND 
958 |a RK 
958 |a EUIPO 
992 |a RBX 
999 |c 3166293  |d 3168223